000 00872nam a2200205 a 4500
005 20241113063732.0
008 991125s1975 fr 000 0 fre u
035 _aUPN01000051184
049 _aF
050 4 _aLA814
_aB4.2
110 1 _aBélgica.
_bDirection Generale de l'Organisation des Etudes
245 1 0 _aReforme pedagogique de l'enseignement primaire :
_bactivities manuelles et initiation esthetique /
_cDirection Generale de l'Organisation des Etudes.
260 _aBélgica :
_bDirection Generale de l'Organisation des Etudes,
_c1975.
300 _a28 p.
500 _aTítulo de la cubierta: Bélgica : reforma pedagógica de la enseñanza primaria : actividades manuales e iniciación estética
500 _aFotocopia
650 4 _aArte
_xEstudio y enseñanza
_9207
650 4 _aEducación primaria
_zBélgica
_vPlanes y programas
_918485
905 _aLibro
999 _c51184
_d51184